000 00676nam a2200193Ia 4500
003 GCL
008 140319s9999 xx 000 0 ara d
040 _aGCL /
_cGCL
082 0 4 _a005.3
_bك ا
100 1 _aكاليهان، ستيفن
245 1 0 _aانشئ اول صفحة ويب /
_cكاليهان، ستيفن
260 _aالقاهرة :
_bدار الفاروق للنشر والتوزيع ،
_c2004
300 _a472 ص ؛
_c24 سم
650 0 4 _aالحاسبات الالكترونية - برامج
650 0 4 _aالإنترنت
650 0 4 _aالحاسبات الالكترونية - لغات
650 0 4 _aانشاء صفحات الويب
942 _2ddc
_cBK
999 _c7241
_d7241